000
00332nam a2200133Ia 4500
008
170516s9999 xx 000 0 und d
245
_a
Protease-Activated Drug Development
260
_b
Theranostics
260
_c
2012
300
_a
2:2
650
_x
Medical Technology
650
_x
Medtech
856
_u
http://www.thno.org/v2i2
999
_c
330672
_d
330672